Museo di Pechino (Il) - Tesori della città proibita (Record no. 90866)

MARC details
000 -LEADER
fixed length control field 01193nam a2200313Ia 4500
001 - CONTROL NUMBER
control field H8781
003 - CONTROL NUMBER IDENTIFIER
control field IT-RoPAU
008 - FIXED-LENGTH DATA ELEMENTS--GENERAL INFORMATION
fixed length control field 130308s9999 xx 000 0 und d
040 ## - CATALOGING SOURCE
Original cataloging agency IT-RoPAU
040 ## - CATALOGING SOURCE
Transcribing agency IT-RoPAU
041 ## - LANGUAGE CODE
Language code of text/sound track or separate title ITALIANO
100 ## - MAIN ENTRY--PERSONAL NAME
Personal name Weng Wan-Go
100 ## - MAIN ENTRY--PERSONAL NAME
Miscellaneous information Codice Aut. SPICS: 59479
245 ## - TITLE STATEMENT
Title Museo di Pechino (Il) - Tesori della città proibita
245 ## - TITLE STATEMENT
Remainder of title Museo di Pechino (Il) - Tesori della Citta' Proibita
250 ## - EDITION STATEMENT
Edition statement 1a ed.
260 ## - PUBLICATION, DISTRIBUTION, ETC. (IMPRINT)
Place of publication, distribution, etc. MILANO
260 ## - PUBLICATION, DISTRIBUTION, ETC. (IMPRINT)
Name of publisher, distributor, etc. Fratelli Fabbri Editori
260 ## - PUBLICATION, DISTRIBUTION, ETC. (IMPRINT)
Date of publication, distribution, etc. 1982 [1° Ed.:1982 - Ed.Ling.Originale:1982]
300 ## - PHYSICAL DESCRIPTION
Extent "320 p. (prefazione: no ; testo: 320 [pagine: 0-0])"
500 ## - GENERAL NOTE
General note Prefazione. Introduzione. Cronologia. Carta della Cina. Pianta della Città Proibita. Architettura della Città Proibita. Ceramica. Bronzi. Pittura Ecalligrafia. scultura . Giade. Arti Minori. Oro e Gemme. Translitterazione:Sistema Pinyin e Wade. Bibliografia. Fonti Iconografiche. 220 Riproduzionia Colori e in bianco e Nero.
650 ## - SUBJECT ADDED ENTRY--TOPICAL TERM
Topical term or geographic name as entry element SAGGI SULLE ARTI VISIVE
650 ## - SUBJECT ADDED ENTRY--TOPICAL TERM
Relator term Codice materia Spics: 5011
700 ## - ADDED ENTRY--PERSONAL NAME
Personal name Boda Yang
700 ## - ADDED ENTRY--PERSONAL NAME
Miscellaneous information Codice Aut. SPICS: 59480
942 ## - ADDED ENTRY ELEMENTS (KOHA)
Koha item type LIBRO
957 ## -
-- 1
999 ## - SYSTEM CONTROL NUMBERS (KOHA)
-- 1
Holdings
Withdrawn status Lost status Damaged status Not for loan Home library Current library Date acquired Total Checkouts Full call number Date last seen Price effective from Koha item type Public note
    Buone Condizioni Not For Loan SPICS-MEDIATECA SPICS-MEDIATECA 08/03/2013   H8781 08/03/2013 08/03/2013 LIBRO Progressivo inserimento: 22600 / N. Volumi: 1 Copie: 1 / data import: 1 marzo 2013 - By Epidotti, Trombetti, Vaglietti.
CREDITS: SOCIETA' SAN PAOLO Via A.Severo, 58 - ROMA (RM) & PERIODICI SAN PAOLO SRL Via Giotto, 36 MILANO & CISF Via Giotto, 36 MILANO & EDIZIONI SAN PAOLO SRL,  Piazza Soncino, 5 CINISELLO BALSAMO (MI) -- ITALY